000 00706nas a2200241 4500
001 BR9606824
003 BR-BrBNA
005 20231205095420.0
007 ta
008 230509b bl.|||p| |||| 00| 00por d
040 _aBR-BrBNA
_bpor
_cBiblioteca Nacional de Agricultura
041 _a(Pt)
072 _aL53
100 1 _aCunha, M.A.S. da
100 1 _aGrandjean-Barnet, J.P.M.
245 1 _aHistologia dos ovarios de operarias de Apis mellifera L. (Hymenoptera, Apidae)
650 _aAbelha
650 _aOvario
650 _aOvogenese
773 0 _tNaturalia (Brazil)
_xISSN 0101-1944
_g(1995), v. 20 p. 195-205
_wBR9606824
909 _a202311
_bLúcia
_c55
_dLúcia Elande
942 _2AGRIS
_n0
_cANA
999 _c150520
_d150520